MARC

Tag First Indicator Second Indicator Subfields
LEADER 00000cam a2200000 a 4500
001 in00000069325
005 20151008053334.0
008 810429s1981 nyubd b 00010 eng d
035 |a (OCoLC)07373146 
035 |9 AAH7094AM 
040 |a HAM  |c HAM  |d TXA  |d UtOrBLW 
043 |a f-nr--- 
049 |a TXAM  |c 1 [802401], 2 [804069] 
090 |a HD9017 N53  |b  E4 
100 1 |a Ejiga, N. O. O.  |q (Nathaniel Omatai Okoliko),  |d 1945- 
245 1 4 |a The economics of cowpea marketing in Nigeria /  |c by N.O.O. Ejiga and K.L. Robinson. 
264 1 |a Ithaca, N.Y. :  |b Dept. of Agricultural Economics, New York State College of Agricultural and Life Sciences, Cornell University,  |c 1981. 
300 |a 73 pages :  |b maps, charts ;  |c 28 cm. 
336 |a text  |b txt  |2 rdacontent 
337 |a unmediated  |b n  |2 rdamedia 
338 |a volume  |b nc  |2 rdacarrier 
490 1 |a Cornell international agricultural mimeograph ;  |v 82 
504 |a Bibliography: pages 66-69. 
650 0 |a Farm produce  |z Nigeria  |x Marketing. 
650 0 |a Cowpea  |x Marketing. 
700 1 |a Robinson, Kenneth Leon,  |d 1921- 
710 2 |a New York State College of Agriculture and Life Sciences.  |b Department of Agricultural Economics. 
830 0 |a Cornell international agriculture mimeograph ;  |v 82. 
999 |a MARS 
999 f f |s dabf0481-372d-3aa1-8c42-778cd3502700  |i 2469b743-2d8c-3445-bb65-da7af6018437  |t 0 
952 f f |p ric  |a Texas A&M University  |b Rellis Campus  |c Joint Library Facility  |d Remote Storage  |t 0  |e HD9017 N53 E4  |h Library of Congress classification  |i unmediated -- volume  |m A14807710784 
998 f f |a HD9017 N53 E4  |t 0  |l Remote Storage